[Event "IBCA Wch Blind and Visually imp (Women)"]
[Site "Solec Zdroj"]
[Date "2018.08.14"]
[Round "6.4"]
[White "Valner, Shafiga"]
[Black "Benkunskiene, Violeta"]
[Result "1/2-1/2"]
[WhiteElo "1690"]
[BlackElo "1534"]
[PlyCount "82"]
[EventDate "2018.08.14"]
[EventType "swiss"]
[EventRounds "9"]
[EventCountry "POL"]
[SourceTitle "EXT 2024"]
[Source "ChessBase"]
[SourceDate "2023.10.10"]
[SourceVersion "1"]
[SourceVersionDate "2023.10.10"]
[SourceQuality "1"]

1. d4 Nf6 2. c4 e6 3. Nc3 d5 4. Nf3 Be7 5. e3 0-0 6. Bd3 dxc4 7. Bxc4 a6 8. 0-0 b5 9. Be2 Bb7 10. Bd2 Nbd7 11. Rc1 c5 12. dxc5 Nxc5 13. Nd4 Rc8 14. b4 Nce4 15. Nxe4 Bxe4 16. a3 Qd7 17. Bc3 Nd5 18. Bb2 Rxc1 19. Qxc1 Rc8 20. Qd1 Bf6 21. Qa1 Qb7 22. Rc1 Nb6 23. Rxc8+ Qxc8 24. Qc1 Qxc1+ 25. Bxc1 Bd5 26. Kf1 Kf8 27. f3 h6 28. Bd3 Bxd4 29. exd4 Bc4 30. Ke2 Ke7 31. Kd2 Bxd3 32. Kxd3 Kd6 33. Ke4 f5+ 34. Kd3 Kd5 35. g3 Nc4 36. h4 h5 37. Kc3 g6 38. Kd3 Nd6 39. Kc3 Nc4 40. Kd3 Nd6 41. Kc3 Nc4 1/2-1/2

[Event "LTU-chT (Women)"]
[Site "Lithuania"]
[Date "2018.04.14"]
[Round "4.2"]
[White "Benkunskiene, Violeta"]
[Black "Griciute, Rosita"]
[Result "0-1"]
[WhiteElo "1566"]
[BlackElo "1651"]
[PlyCount "118"]
[EventDate "2018.03.24"]
[EventType "team-tourn"]
[EventRounds "5"]
[EventCountry "LTU"]
[SourceTitle "EXT 2019"]
[Source "ChessBase"]
[SourceDate "2018.10.10"]
[SourceVersion "1"]
[SourceVersionDate "2018.10.10"]
[SourceQuality "1"]
[WhiteTeam "Vilnius LASF (W)"]
[BlackTeam "Plunge Bokstas (W)"]
[WhiteTeamCountry "LTU"]
[BlackTeamCountry "LTU"]

1. e4 e5 2. Nf3 Nc6 3. d4 exd4 4. Nxd4 d6 5. Nxc6 bxc6 6. Bd3 Nf6 7. h3 h6 8. 0-0 Be7 9. b3 0-0 10. Bb2 d5 11. e5 Ne4 12. Bxe4 dxe4 13. Nc3 Bf5 14. Qh5 Bg5 15. Rad1 Qe7 16. Na4 Rad8 17. Bd4 Rfe8 18. c3 Rd5 19. b4 a5 20. a3 axb4 21. axb4 Ra8 22. Ra1 g6 23. Qe2 Bf4 24. Qc4 Bxe5 25. Be3 Rad8 26. Qxc6 Qh4 27. Bd4 Bxd4 28. cxd4 Bxh3 29. g3 Qg4 30. Qc3 Bxf1 31. Kxf1 Rxd4 32. Nc5 Rd2 33. Kg2 Qe2 34. Qf6 e3 35. Ne4 R8d7 36. Rh1 exf2 37. Nxf2 h5 38. Rf1 Qe7 39. Qc3 R7d4 40. b5 Qb4 41. Qc6 Qd6 42. Qc3 Qd5+ 43. Kg1 Rc4 44. Qf6 Qd4 45. Qe7 Rc3 46. Kg2 Qd6 47. Qxd6 Rxd6 48. Ne4 Rc2+ 49. Kh3 Rb6 50. Ng5 Rxb5 51. Nxf7 Rbb2 52. Kh4 Rf2 53. Rxf2 Rxf2 54. Ne5 Kg7 55. Nd3 Rf3 56. Ne5 Rf5 57. Nd3 c5 58. Kh3 c4 59. Nc1 c3 0-1

[Event "LTU-ch blind and visually impaired (W)"]
[Site "Kaunas"]
[Date "2018.04.09"]
[Round "4.1"]
[White "Benkunskiene, Violeta"]
[Black "Skerute, Irena"]
[Result "1-0"]
[WhiteElo "1566"]
[BlackElo "1416"]
[PlyCount "60"]
[EventDate "2018.04.07"]
[EventType "tourn"]
[EventRounds "6"]
[EventCountry "LTU"]
[SourceTitle "EXT 2024"]
[Source "ChessBase"]
[SourceDate "2023.10.10"]
[SourceVersion "1"]
[SourceVersionDate "2023.10.10"]
[SourceQuality "1"]

1. e4 c5 2. Nc3 d6 3. g3 Nc6 4. Bg2 Nf6 5. d3 a6 6. h3 Rb8 7. Be3 Bd7 8. Nf3 b5 9. 0-0 h6 10. Qd2 Qc8 11. Kh2 g5 12. Ng1 Bg7 13. Rab1 Ne5 14. f3 Nh5 15. Nd5 e6 16. Nc3 Qd8 17. Nce2 f5 18. exf5 exf5 19. f4 Ng6 20. fxg5 Be5 21. Rbe1 Qc7 22. Nf4 Nhxf4 23. Bxf4 hxg5 24. Bxg5 Kf7 25. Bd5+ Kg7 26. c3 Rh7 27. c4 Bxg3+ 28. Kxg3 Rbh8 29. Bf4 Qd8 30. Bg2 Nh4 1-0

[Event "LTU-chT (Women)"]
[Site "Lithuania"]
[Date "2018.03.24"]
[Round "2.2"]
[White "Bajoraite, Rita"]
[Black "Benkunskiene, Violeta"]
[Result "1-0"]
[WhiteElo "1788"]
[BlackElo "1566"]
[PlyCount "95"]
[EventDate "2018.03.24"]
[EventType "team-tourn"]
[EventRounds "5"]
[EventCountry "LTU"]
[SourceTitle "EXT 2019"]
[Source "ChessBase"]
[SourceDate "2018.10.10"]
[SourceVersion "1"]
[SourceVersionDate "2018.10.10"]
[SourceQuality "1"]
[WhiteTeam "Vilnius (W)"]
[BlackTeam "Vilnius LASF (W)"]
[WhiteTeamCountry "LTU"]
[BlackTeamCountry "LTU"]

1. d4 Nf6 2. c4 b6 3. Nf3 Bb7 4. g3 e6 5. Bg2 Bb4+ 6. Bd2 Bxd2+ 7. Qxd2 Ne4 8. Qc2 d5 9. 0-0 0-0 10. Ne5 Re8 11. Nc3 Nxc3 12. bxc3 Nd7 13. cxd5 exd5 14. f4 Nf6 15. e3 Ne4 16. Bxe4 dxe4 17. f5 Qg5 18. Rf4 h5 19. Qe2 Bc8 20. Qc4 Rf8 21. Qd5 Rb8 22. Qxe4 Bb7 23. Qd3 Rbd8 24. e4 Rd6 25. Nf3 Qe7 26. e5 Rh6 27. h4 Bxf3 28. Qxf3 Qd7 29. Rf1 Qb5 30. f6 g6 31. Re4 Qd5 32. Qe3 Rh7 33. Qe2 Qe6 34. Kh2 Rd8 35. c4 c6 36. Rd1 Rh8 37. Qd3 Kh7 38. d5 cxd5 39. cxd5 Qf5 40. Rf1 Qd7 41. Rd4 Rhe8 42. e6 fxe6 43. f7 Rf8 44. dxe6 Qxd4 45. Qxd4 Rxd4 46. e7 Rd2+ 47. Kh3 g5 48. hxg5 1-0

[Event "LTU-ch (Women)"]
[Site "Kaunas"]
[Date "2018.03.07"]
[Round "6"]
[White "Straukiene, Irena"]
[Black "Benkunskiene, Violeta"]
[Result "1-0"]
[WhiteElo "1628"]
[BlackElo "1566"]
[PlyCount "131"]
[EventDate "2018.03.02"]
[EventType "swiss"]
[EventRounds "7"]
[EventCountry "LTU"]
[SourceTitle "EXT 2019"]
[Source "ChessBase"]
[SourceDate "2018.10.10"]
[SourceVersion "1"]
[SourceVersionDate "2018.10.10"]
[SourceQuality "1"]

1. e4 e6 2. d4 d5 3. e5 c5 4. c3 Nc6 5. Nf3 Nge7 6. Bd3 Ng6 7. 0-0 Be7 8. Be3 cxd4 9. cxd4 0-0 10. a3 Nh4 11. Nbd2 Nxf3+ 12. Nxf3 f6 13. Qc2 f5 14. Qd2 Bd7 15. Rac1 Rc8 16. Rc3 Be8 17. Rfc1 Bh5 18. Be2 Qd7 19. Bb5 a6 20. Bxc6 Rxc6 21. Rxc6 bxc6 22. Qa5 Qb7 23. b4 Be8 24. Bg5 Bxg5 25. Nxg5 Qe7 26. Nf3 Qb7 27. Qc5 h6 28. h4 Rf7 29. Rc3 Qe7 30. Qxe7 Rxe7 31. Rc5 Rb7 32. Ra5 Rb6 33. Ne1 Bd7 34. Nd3 Bc8 35. Kf1 Rb5 36. Ra4 Rb6 37. Nc5 Kf7 38. h5 g6 39. hxg6+ Kxg6 40. Ke2 Kg5 41. Kf3 h5 42. Kg3 Kg6 43. Kh4 Kh6 44. Ra5 Kg6 45. g3 Kh6 46. f3 Kg6 47. Nd3 Rb8 48. Nf4+ Kf7 49. Nxh5 Bb7 50. Kg5 Rg8+ 51. Kf4 Rh8 52. g4 fxg4 53. fxg4 Kg6 54. Rc5 Rf8+ 55. Nf6 Rh8 56. Rc3 Rf8 57. Rh3 Rf7 58. g5 Rg7 59. Rh6+ Kf7 60. Nh5 Bc8 61. Rf6+ Kg8 62. Nxg7 Kxg7 63. Kg4 Bd7 64. Kh5 Bc8 65. g6 Kg8 66. Kh6 1-0

[Event "LTU-chT (Women)"]
[Site "Vilnius"]
[Date "2016.02.07"]
[Round "5.2"]
[White "Kaspute, Vesta"]
[Black "Benkunskiene, Violeta"]
[Result "1-0"]
[WhiteElo "2071"]
[BlackElo "1622"]
[PlyCount "93"]
[EventDate "2016.01.23"]
[EventType "team-swiss"]
[EventRounds "7"]
[EventCountry "LTU"]
[SourceTitle "EXT 2017"]
[Source "ChessBase"]
[SourceDate "2016.10.25"]
[SourceVersion "1"]
[SourceVersionDate "2016.10.25"]
[SourceQuality "1"]
[WhiteTeam "Vilnius MRU (W)"]
[BlackTeam "LASF (W)"]
[WhiteTeamCountry "LTU"]
[BlackTeamCountry "LTU"]

1. e4 e6 2. d4 d5 3. Nc3 Nf6 4. Bg5 Be7 5. e5 Nfd7 6. Bxe7 Qxe7 7. f4 0-0 8. Nf3 a6 9. Qd2 c5 10. dxc5 Nxc5 11. 0-0-0 Nc6 12. Bd3 Nxd3+ 13. cxd3 b5 14. Kb1 b4 15. Ne2 Bd7 16. Rc1 a5 17. Ned4 Nxd4 18. Nxd4 Rfc8 19. g3 a4 20. Rxc8+ Rxc8 21. Rc1 Rc5 22. Rc2 b3 23. axb3 Rxc2 24. Qxc2 axb3 25. Qxb3 Qe8 26. Qb7 h6 27. b4 Kh7 28. Kb2 Bc8 29. Qc6 Bd7 30. Qc5 Qa8 31. Qa5 Qb7 32. b5 Bc8 33. b6 Qe7 34. Nb3 Qd7 35. Nc5 Qc6 36. d4 h5 37. Kb3 Kh6 38. Kb4 Bb7 39. Qb5 Qc8 40. Qd7 Qxd7 41. Nxd7 g5 42. Nc5 Bc6 43. b7 Bxb7 44. Nxb7 gxf4 45. gxf4 Kg6 46. Nd6 f6 47. f5+ 1-0

[Event "LTU-chT (Women)"]
[Site "Vilnius"]
[Date "2016.02.06"]
[Round "3.2"]
[White "Maciuityte, Meda"]
[Black "Benkunskiene, Violeta"]
[Result "1-0"]
[WhiteElo "1603"]
[BlackElo "1622"]
[PlyCount "157"]
[EventDate "2016.01.23"]
[EventType "team-swiss"]
[EventRounds "7"]
[EventCountry "LTU"]
[SourceTitle "EXT 2017"]
[Source "ChessBase"]
[SourceDate "2016.10.25"]
[SourceVersion "1"]
[SourceVersionDate "2016.10.25"]
[SourceQuality "1"]
[WhiteTeam "Plunge Bokstas (W)"]
[BlackTeam "LASF (W)"]
[WhiteTeamCountry "LTU"]
[BlackTeamCountry "LTU"]

1. d4 Nf6 2. Bf4 e6 3. e3 Be7 4. Nf3 0-0 5. h3 b6 6. Bd3 Bb7 7. Nbd2 c5 8. c3 Nc6 9. 0-0 Rc8 10. Re1 d6 11. Nf1 Nd5 12. Bh2 cxd4 13. exd4 Bf6 14. Ng3 Nf4 15. Bc2 Ng6 16. Ne4 Be7 17. d5 exd5 18. Qxd5 Nb4 19. Qd2 Nxc2 20. Qxc2 d5 21. Rad1 Qd7 22. Re2 Qf5 23. Nd4 Qd7 24. Nf3 Qf5 25. Nd6 Qxc2 26. Rxc2 Bxd6 27. Bxd6 Rfe8 28. Rcd2 h6 29. Nd4 a6 30. Nf5 Ba8 31. Ne3 Re6 32. Nxd5 Bxd5 33. Rxd5 Rce8 34. Bc7 b5 35. Rd6 Re2 36. R1d2 R2e6 37. g3 R6e7 38. Ba5 Ne5 39. Rd1 Nc4 40. Rxa6 Nxb2 41. Rd5 Nc4 42. Rxb5 Re1+ 43. Kg2 R1e2 44. Bb6 Rb8 45. Rb4 Nxb6 46. Rbxb6 Rxb6 47. Rxb6 Rxa2 48. Rb8+ Kh7 49. Kf3 Rc2 50. Rc8 Kg6 51. h4 h5 52. Ke3 Kf5 53. Rc7 Ke6 54. Rc4 g6 55. f3 f6 56. Kf4 Rc1 57. Rc6+ Kf7 58. c4 Ke7 59. Ke4 Rc3 60. g4 hxg4 61. fxg4 Rh3 62. Rc7+ Ke6 63. Rh7 f5+ 64. gxf5+ gxf5+ 65. Kf4 Rc3 66. Rc7 Rb3 67. Rc6+ Kd7 68. Rh6 Rc3 69. Kxf5 Rxc4 70. h5 Ke7 71. Rh7+ Kf8 72. Rd7 Rc6 73. Kg5 Rc5+ 74. Kg6 Rc6+ 75. Kh7 Rc5 76. h6 Rh5 77. Kg6 Ra5 78. Rd6 Ra7 79. h7 1-0

[Event "LTU-chT (Women)"]
[Site "Lithuania"]
[Date "2015.02.15"]
[Round "4.5"]
[White "Benkunskiene, Violeta"]
[Black "Savickiene, Virginija"]
[Result "1/2-1/2"]
[WhiteElo "1610"]
[BlackElo "1825"]
[PlyCount "104"]
[EventDate "2015.01.24"]
[EventType "team-swiss"]
[EventRounds "7"]
[EventCountry "LTU"]
[SourceTitle "EXT 2018"]
[Source "ChessBase"]
[SourceDate "2017.10.13"]
[SourceVersion "1"]
[SourceVersionDate "2017.10.13"]
[SourceQuality "1"]
[WhiteTeam "LASF (W)"]
[BlackTeam "Ukmerge Damos (W)"]
[WhiteTeamCountry "LTU"]
[BlackTeamCountry "LTU"]

1. e4 d6 2. d4 Nf6 3. Nc3 g6 4. Nf3 Bg7 5. Be2 c6 6. 0-0 0-0 7. h3 b5 8. Be3 b4 9. e5 dxe5 10. dxe5 bxc3 11. exf6 Bxf6 12. b3 Qa5 13. Bd3 Rd8 14. Qe2 Ba6 15. Rfd1 Bxd3 16. Rxd3 Na6 17. a3 Nb4 18. Rxd8+ Rxd8 19. a4 a6 20. Rd1 Rd5 21. Ne1 Qd8 22. Rxd5 cxd5 23. Bc5 a5 24. Bxb4 axb4 25. Qb5 Bd4 26. Qxb4 Qb6 27. Qxb6 Bxb6 28. b4 Kf8 29. a5 Ba7 30. b5 Bc5 31. b6 Ke8 32. Nd3 Bd4 33. b7 Ba7 34. Nb4 Kd7 35. Nxd5 Kc6 36. Nxc3 Kxb7 37. Nd5 Bc5 38. Kf1 Ka6 39. Ke2 Kxa5 40. f3 Kb5 41. Kd3 Kc6 42. Kc4 Bd6 43. Nb4+ Bxb4 44. Kxb4 e5 45. Kc4 h5 46. g4 hxg4 47. hxg4 f5 48. g5 Kd6 49. Kd3 Kc5 50. c3 Kb5 51. Kc2 Kc5 52. Kd3 Kb5 1/2-1/2

[Event "LTU-chT (Women)"]
[Site "Lithuania"]
[Date "2014.03.15"]
[Round "4"]
[White "Joffe, Roza"]
[Black "Benkunskiene, Violeta"]
[Result "1-0"]
[WhiteElo "1987"]
[BlackElo "1620"]
[PlyCount "73"]
[EventDate "2014.02.08"]
[EventType "team-tourn"]
[EventRounds "5"]
[EventCountry "LTU"]
[SourceTitle "EXT 2016"]
[Source "ChessBase"]
[SourceDate "2015.10.08"]
[SourceVersion "1"]
[SourceVersionDate "2015.10.08"]
[SourceQuality "1"]

1. d4 Nf6 2. c4 e6 3. Nc3 d5 4. Bg5 Be7 5. e3 0-0 6. Nf3 b6 7. a3 Bb7 8. b4 a6 9. c5 b5 10. h3 Nbd7 11. Qc2 c6 12. Bd3 g6 13. Bf4 Nh5 14. Bh2 Ng7 15. 0-0 Nf5 16. a4 Nh4 17. Nd2 Nf5 18. Ra3 Bg5 19. Bxf5 exf5 20. axb5 axb5 21. Rfa1 Qf6 22. Ne2 Qe6 23. Nf4 Bxf4 24. Bxf4 Nf6 25. Ra7 Rxa7 26. Rxa7 Qc8 27. Nb3 Rd8 28. Qa2 Nh5 29. Be5 Ng7 30. Qa5 Rd7 31. Qb6 Ne6 32. Na5 Ba8 33. Ra6 Nd8 34. Bf6 h6 35. Bxd8 Rxd8 36. Nxc6 Bxc6 37. Qxc6 1-0

[Event "Vilnius-ch blind and visually impaired"]
[Site "Vilnius"]
[Date "2014.03.11"]
[Round "6.4"]
[White "Benkunskiene, Violeta"]
[Black "Sidaraviciute, Ruta"]
[Result "1/2-1/2"]
[WhiteElo "1636"]
[BlackElo "1530"]
[PlyCount "52"]
[EventDate "2014.03.08"]
[EventType "tourn"]
[EventRounds "9"]
[EventCountry "LTU"]
[SourceTitle "EXT 2024"]
[Source "ChessBase"]
[SourceDate "2023.10.10"]
[SourceVersion "1"]
[SourceVersionDate "2023.10.10"]
[SourceQuality "1"]

1. e4 e5 2. Nf3 Nc6 3. d4 exd4 4. Nxd4 Nf6 5. Nc3 Bb4 6. Nxc6 bxc6 7. Bd3 d5 8. exd5 cxd5 9. 0-0 0-0 10. Bg5 c6 11. a3 Ba5 12. Qf3 Bc7 13. h3 Qd6 14. Qg3 Qxg3 15. fxg3 Bxg3 16. Bxf6 gxf6 17. Rxf6 Be6 18. Rf3 Be5 19. Re1 Bg7 20. Na4 Rab8 21. b3 Rfe8 22. Rg3 Kh8 23. Rf3 Kg8 24. Kh1 Bd4 25. Rf4 Bg7 26. Rh4 h6 1/2-1/2

[Event "Vilnius-ch blind and visually impaired"]
[Site "Vilnius"]
[Date "2014.03.11"]
[Round "5.2"]
[White "Novikovas, Anatolijus"]
[Black "Benkunskiene, Violeta"]
[Result "1-0"]
[WhiteElo "1925"]
[BlackElo "1636"]
[PlyCount "83"]
[EventDate "2014.03.08"]
[EventType "tourn"]
[EventRounds "9"]
[EventCountry "LTU"]
[SourceTitle "EXT 2024"]
[Source "ChessBase"]
[SourceDate "2023.10.10"]
[SourceVersion "1"]
[SourceVersionDate "2023.10.10"]
[SourceQuality "1"]

1. Nf3 Nf6 2. g3 g6 3. Bg2 Bg7 4. 0-0 0-0 5. c4 d5 6. cxd5 Nxd5 7. Nc3 Nxc3 8. bxc3 e5 9. h4 Nc6 10. Ng5 f6 11. Qb3+ Kh8 12. Nf7+ Rxf7 13. Qxf7 Bd7 14. Rb1 Be8 15. Qd5 Qc8 16. Kh2 Bd7 17. a4 Be6 18. Qb5 Qg8 19. Ba3 Nd8 20. d3 c6 21. Qb2 Qe8 22. Qb4 b6 23. Qe7 Qxe7 24. Bxe7 Rc8 25. c4 Nf7 26. Bb4 c5 27. Bd2 Bd7 28. a5 Rb8 29. axb6 axb6 30. Ra1 Be6 31. Ra7 Bf8 32. Rfa1 Kg7 33. f4 Bd6 34. Bh3 Bxh3 35. Kxh3 Kg8 36. Rd7 exf4 37. gxf4 Rf8 38. Raa7 h6 39. Kg2 g5 40. hxg5 hxg5 41. fxg5 fxg5 42. Bxg5 1-0

[Event "Vilnius-ch blind and visually impaired"]
[Site "Vilnius"]
[Date "2014.03.09"]
[Round "2.5"]
[White "Grybas, Gintaras"]
[Black "Benkunskiene, Violeta"]
[Result "1-0"]
[WhiteElo "1975"]
[BlackElo "1636"]
[PlyCount "35"]
[EventDate "2014.03.08"]
[EventType "tourn"]
[EventRounds "9"]
[EventCountry "LTU"]
[SourceTitle "EXT 2024"]
[Source "ChessBase"]
[SourceDate "2023.10.10"]
[SourceVersion "1"]
[SourceVersionDate "2023.10.10"]
[SourceQuality "1"]

1. d4 Nf6 2. c4 d5 3. cxd5 Nxd5 4. e4 Nf6 5. Nc3 e6 6. Bg5 Be7 7. Nf3 0-0 8. Bd3 Bd7 9. Qc2 Nc6 10. a3 Re8 11. e5 Nd5 12. Bxh7+ Kf8 13. h4 Nxc3 14. bxc3 Bxg5 15. hxg5 Ne7 16. g6 fxg6 17. Bxg6 Nxg6 18. Qxg6 1-0

[Event "LTU-chT (Women)"]
[Site "Lithuania"]
[Date "2014.02.08"]
[Round "1"]
[White "Vanagaite, Giedre"]
[Black "Benkunskiene, Violeta"]
[Result "1-0"]
[WhiteElo "2033"]
[BlackElo "1620"]
[PlyCount "95"]
[EventDate "2014.02.08"]
[EventType "team-tourn"]
[EventRounds "5"]
[EventCountry "LTU"]
[SourceTitle "EXT 2016"]
[Source "ChessBase"]
[SourceDate "2015.10.08"]
[SourceVersion "1"]
[SourceVersionDate "2015.10.08"]
[SourceQuality "1"]

1. d4 Nf6 2. c4 e6 3. Nf3 d5 4. Nc3 Be7 5. e3 0-0 6. b3 b6 7. Bb2 Bb7 8. Be2 Nbd7 9. 0-0 c5 10. Rc1 Rc8 11. Qd3 Ne4 12. Qb1 Ndf6 13. Rfd1 Nxc3 14. Bxc3 Ne4 15. Bb2 Bd6 16. cxd5 exd5 17. Qa1 f6 18. Bd3 Qe7 19. Qb1 f5 20. Ba1 Rce8 21. Re1 Kh8 22. Re2 Qe6 23. Qb2 Re7 24. Qc2 Rc8 25. Qd1 Qh6 26. g3 Qh5 27. Nh4 Rf8 28. Re1 Qxd1 29. Rexd1 Bc8 30. dxc5 bxc5 31. Bxe4 fxe4 32. Rxd5 Bb8 33. Rdxc5 Ree8 34. Ng2 Bd6 35. Rc6 Bb8 36. Nf4 Bxf4 37. gxf4 Bh3 38. Rc7 Rg8 39. f3 exf3 40. Kf2 Bg2 41. Rxa7 Re6 42. Rcc7 Rg6 43. f5 Rg4 44. f6 h5 45. Rxg7 R8xg7 46. fxg7+ Kg8 47. Ra8+ Kf7 48. Rf8+ 1-0

[Event "IBCA Wch blind (Women)"]
[Site "Belgrade"]
[Date "2013.08.31"]
[Round "9"]
[White "Benkunskiene, Violeta"]
[Black "Ljubojevic, Sanja"]
[Result "1-0"]
[WhiteElo "1640"]
[BlackElo "1787"]
[PlyCount "67"]
[EventDate "2013.08.22"]
[EventType "swiss"]
[EventRounds "9"]
[EventCountry "SRB"]
[SourceTitle "EXT 2015"]
[Source "ChessBase"]
[SourceDate "2014.11.20"]
[SourceVersion "1"]
[SourceVersionDate "2014.11.20"]
[SourceQuality "1"]

1. e4 e5 2. Nf3 Nc6 3. d4 exd4 4. Nxd4 Bc5 5. Nxc6 bxc6 6. Bc4 Ne7 7. Bxf7+ Kxf7 8. Qh5+ Ng6 9. Qxc5 Re8 10. 0-0 Rxe4 11. Qf5+ Qf6 12. Qxe4 d5 13. Qe3 Bf5 14. c3 Kg8 15. Nd2 Ne5 16. Nf3 Re8 17. Nxe5 Rxe5 18. Qg5 Qf7 19. Bf4 h6 20. Qg3 Re6 21. Rfe1 Rg6 22. Qe3 Be6 23. Bg3 h5 24. Qf4 Rf6 25. Qxc7 Qg6 26. Qe5 Qg4 27. Qd4 Qf5 28. Re5 Qc2 29. Qd1 Qxb2 30. Rb1 Qxc3 31. Rb8+ Kh7 32. Rxh5+ Kg6 33. Rh4 c5 34. Qh5# 1-0

[Event "IBCA Wch blind (Women)"]
[Site "Belgrade"]
[Date "2013.08.26"]
[Round "5"]
[White "Dietsche, Birgit"]
[Black "Benkunskiene, Violeta"]
[Result "1-0"]
[WhiteElo "1484"]
[BlackElo "1640"]
[PlyCount "119"]
[EventDate "2013.08.22"]
[EventType "swiss"]
[EventRounds "9"]
[EventCountry "SRB"]
[SourceTitle "EXT 2015"]
[Source "ChessBase"]
[SourceDate "2014.11.20"]
[SourceVersion "1"]
[SourceVersionDate "2014.11.20"]
[SourceQuality "1"]

1. d4 Nf6 2. Bf4 d5 3. e3 Bf5 4. Bd3 Bxd3 5. Qxd3 c6 6. Nd2 e6 7. Ngf3 Be7 8. c3 Nbd7 9. Ne5 0-0 10. 0-0 Nh5 11. Rfe1 Nxf4 12. exf4 c5 13. Re3 Nxe5 14. fxe5 cxd4 15. cxd4 Rc8 16. Rh3 g6 17. Nf3 f5 18. exf6 Bxf6 19. Qe3 Qe7 20. Qd2 Rc6 21. Ne1 Rfc8 22. Rc3 Rxc3 23. bxc3 Qc7 24. Rc1 Qe7 25. Nf3 Rc6 26. h3 Qc7 27. Qe3 b5 28. Nd2 Qc8 29. Nb3 Be7 30. Kf1 Ba3 31. Re1 Bf8 32. Rc1 Qc7 33. Qe5 Qxe5 34. dxe5 Ba3 35. Rc2 Bb4 36. Nd4 Rxc3 37. Rxc3 Bxc3 38. Nxb5 Bxe5 39. Nxa7 Bb2 40. a4 d4 41. Ke2 Kf7 42. Nc6 Kf6 43. a5 e5 44. f3 Ba3 45. a6 Bc5 46. Kd3 Kf5 47. g3 h5 48. a7 Bxa7 49. Nxa7 g5 50. g4+ hxg4 51. fxg4+ Kf4 52. Nc6 e4+ 53. Kxd4 e3 54. Ne5 e2 55. Nd3+ Kg3 56. Ke3 Kxh3 57. Nf2+ Kg3 58. Kxe2 Kh4 59. Ke3 Kg3 60. Ke4 1-0

[Event "Vilnius Saltinis op"]
[Site "Vilnius"]
[Date "2013.06.29"]
[Round "8"]
[White "Valenta, Alvydas"]
[Black "Benkunskiene, Violeta"]
[Result "0-1"]
[WhiteElo "1740"]
[BlackElo "1623"]
[PlyCount "78"]
[EventDate "2013.06.24"]
[EventType "swiss"]
[EventRounds "9"]
[EventCountry "LTU"]
[SourceTitle "CBM 155 Extra"]
[Source "ChessBase"]
[SourceDate "2013.08.26"]
[SourceVersion "1"]
[SourceVersionDate "2013.08.26"]
[SourceQuality "1"]

1. e4 e6 2. d4 d5 3. Nc3 Nf6 4. e5 Nfd7 5. f4 c5 6. Nf3 Nc6 7. Be3 Be7 8. a4 0-0 9. Nb5 cxd4 10. Nfxd4 Nxd4 11. Bxd4 a6 12. Na3 f6 13. Qg4 Nb8 14. Bd3 Nc6 15. c3 Nxd4 16. cxd4 Qa5+ 17. Ke2 Qb4 18. Nc2 Qxb2 19. Rhb1 Qc3 20. Ra2 Rb8 21. Qh5 f5 22. g4 Bd7 23. gxf5 exf5 24. Ne3 Qxd4 25. Nxf5 Bxf5 26. Bxf5 Rxf5 27. Qxf5 Qc4+ 28. Kf3 Qxa2 29. Qe6+ Kf8 30. Rd1 Qb3+ 31. Ke2 Qc2+ 32. Rd2 Qe4+ 33. Kd1 Re8 34. Qxd5 Qxd5 35. Rxd5 Rd8 36. Rxd8+ Bxd8 37. Ke2 Ke7 38. Kd3 Ke6 39. Ke4 g6 0-1

[Event "LTU-ch blind and visually impaired"]
[Site "Vilnius"]
[Date "2013.05.17"]
[Round "9.5"]
[White "Benkunskiene, Violeta"]
[Black "Slusnys, Evaldas"]
[Result "1/2-1/2"]
[WhiteElo "1620"]
[BlackElo "1898"]
[PlyCount "83"]
[EventDate "2013.05.11"]
[EventType "tourn"]
[EventRounds "9"]
[EventCountry "LTU"]
[SourceTitle "EXT 2024"]
[Source "ChessBase"]
[SourceDate "2023.10.10"]
[SourceVersion "1"]
[SourceVersionDate "2023.10.10"]
[SourceQuality "1"]

1. e4 c5 2. Nc3 d6 3. g3 f5 4. d3 Nf6 5. Bg2 Nc6 6. Nge2 e5 7. 0-0 Be6 8. f4 Qd7 9. Nd5 Bxd5 10. exd5 Nd4 11. c3 Nb5 12. a4 Nc7 13. c4 Be7 14. Bd2 0-0 15. h3 Rae8 16. Kh2 Na6 17. Bc3 Bd8 18. b3 e4 19. dxe4 Nxe4 20. Bxe4 Rxe4 21. Qd2 Qf7 22. Rae1 Rfe8 23. Ng1 Bf6 24. Bxf6 Qxf6 25. Nf3 Nb4 26. Ng5 R4e7 27. Rxe7 Qxe7 28. Ne6 Qf6 29. Re1 Re7 30. Re3 b6 31. Qe2 Kf7 32. Ng5+ Ke8 33. Nxh7 Qf7 34. Ng5 Rxe3 35. Qxe3+ Qe7 36. Ne6 Kd7 37. Qc3 g6 38. Qh8 Nc6 39. dxc6+ Kxe6 40. Qc8+ Kf6 41. Qh8+ Kf7 42. c7 1/2-1/2

[Event "LTU-ch blind and visually impaired"]
[Site "Vilnius"]
[Date "2013.05.11"]
[Round "1.2"]
[White "Karsokaite, Irena"]
[Black "Benkunskiene, Violeta"]
[Result "1/2-1/2"]
[WhiteElo "1620"]
[BlackElo "1620"]
[PlyCount "45"]
[EventDate "2013.05.11"]
[EventType "tourn"]
[EventRounds "9"]
[EventCountry "LTU"]
[SourceTitle "EXT 2024"]
[Source "ChessBase"]
[SourceDate "2023.10.10"]
[SourceVersion "1"]
[SourceVersionDate "2023.10.10"]
[SourceQuality "1"]

1. e4 e6 2. d4 d5 3. Nd2 Nf6 4. e5 Nfd7 5. Bd3 c5 6. c3 Nc6 7. Ne2 cxd4 8. cxd4 f6 9. exf6 Nxf6 10. 0-0 Bd6 11. Nf3 0-0 12. Bf4 Bxf4 13. Nxf4 Ne4 14. Nh5 Qe8 15. Ng3 Nxg3 16. fxg3 Qh5 17. Ne5 Rxf1+ 18. Bxf1 Qxd1 19. Rxd1 Nxe5 20. dxe5 Bd7 21. Rc1 Rc8 22. Rxc8+ Bxc8 23. Kf2 1/2-1/2

[Event "LTU-chT (Women)"]
[Site "Lithuania"]
[Date "2013.02.09"]
[Round "4"]
[White "Benkunskiene, Violeta"]
[Black "Semonaviciute, Agne"]
[Result "0-1"]
[WhiteElo "1633"]
[BlackElo "1731"]
[PlyCount "106"]
[EventDate "2013.01.19"]
[EventType "team-tourn"]
[EventRounds "7"]
[EventCountry "LTU"]
[SourceTitle "CBM 152 Extra"]
[Source "ChessBase"]
[SourceDate "2013.02.25"]
[SourceVersion "1"]
[SourceVersionDate "2013.02.25"]
[SourceQuality "1"]

1. e4 e5 2. Nf3 Nc6 3. d4 exd4 4. Nxd4 Bc5 5. Nxc6 bxc6 6. Bd3 Ne7 7. Nc3 0-0 8. 0-0 d5 9. Bg5 f6 10. Bh4 Be6 11. Re1 d4 12. Ne2 Ng6 13. Bg3 Ne5 14. Nf4 Bf7 15. Be2 Rb8 16. b3 Qe7 17. Nd3 Bd6 18. f4 Nxd3 19. Bxd3 Bb4 20. Rf1 Qe8 21. e5 Bc3 22. Rb1 Bh5 23. Be2 Bxe2 24. Qxe2 fxe5 25. fxe5 Qe6 26. Qa6 Qd5 27. Rbd1 Qc5 28. Kh1 Qb5 29. Qxb5 cxb5 30. h3 Rxf1+ 31. Rxf1 Rf8 32. Rxf8+ Kxf8 33. Kg1 Ke7 34. Kf2 Ke6 35. Ke2 c5 36. Kd3 Kd5 37. Bh2 Ba5 38. a3 c4+ 39. Ke2 Bc7 40. e6 Bd8 41. Bc7 Be7 42. Bb8 a6 43. Ba7 Bxa3 44. g4 a5 45. h4 a4 46. bxc4+ bxc4 47. Kd2 Be7 48. g5 a3 49. Kc1 h6 50. gxh6 gxh6 51. h5 d3 52. Be3 c3 53. cxd3 a2 0-1